000 00921nam a2200277 i 4500
001 bg
100 1 _aCYDZIK, Dorota
245 1 0 _aAtlas stanu czystości jezior Polski badanych w latach 1994-1998 :
_bopracowanie monograficzne /
_cDorota Cydzik, Danuta Kudelska, Hanna Soszka ; Inspekcja Ochrony Środowiska.
260 _aWarszawa :
_bIOŚ,
_c2000.
300 _a526 s. :
_brys., wykr. ;
_c24 cm.
490 1 _aBiblioteka Monitoringu Środowiska
504 _aBibliogr. s. 522-524.
650 9 _aJeziora
_xhigiena
_zPolska
650 9 _aWoda
_xchemia
_zPolska
700 1 _aKUDELSKA, Danuta
700 1 _aSOSZKA, Hanna
710 0 _aInspekcja Ochrony Środowiska (Warszawa)
830 _aBiblioteka Monitoringu Środowiska
020 _a8372171033
040 _cBPK
041 0 _apl
080 _a556.5:504.4](438)
920 _a83-7217-103-3
942 _cKS
008 s pl f |000 0 pol
999 _c39288
_d39288
856 _uhttp://koha.tu.koszalin.pl/cgi-bin/koha/opac-detail.pl?biblionumber=39288
_yKatalog online BPK